00482nam a22001697a 450000500170000000800410001702000180005804000210007604100080009708200180010524500550012325000210017826000330019930000100023265000390024270000310028120250304051113.0250304b |||||||| |||| 00| 0 eng d a9789387956148 aIN-DiNCcIN-DiNC dasm a891.4511bASA aAsamiya kabya parikroma/ced. by Arabinda Rajkhowa a2nd Banalata ed. aDibrugarh:bBanalata,c2024. a460p. aCritical essays on Assamese poetry aRajkhowa, ArabindaeEditor